000 00736cam a22002175i 4500
008
020 _a9780797478664 (pbk.)
049 _aMAIN
090 _aK1741
_bMUC
100 1 _aMucheche, Caleb H.
245 1 0 _aLaw and practice at the Labour Court of Zimbabwe :
_bcommentary on the Labour Court rules of Zimbabwe : statutory instrument 150 of 2017 /
_cby Caleb H. Mucheche.
250 _a4th ed.
264 1 _aHarare :
_bZimlaw Trust, African Legal Resources Dominion,
_c2018.
300 _axii, 116 ;
_c25 cm.
650 _aLabour courts
_zZimbabwe.
907 _a.b10396044
_b04-01-19
_c04-01-19
003
005 20230123141135.0
040 _cNUST
942 _cBOOKS
_kK1741
_mMUC
999 _c168363
_d168363